KOHA-Header-6

Percy Jackson and lighting thief (Record no. 12115)

000 -LEADER
fixed length control field 00304nam a22001337a 4500
020 ## - INTERNATIONAL STANDARD BOOK NUMBER
ISBN 978-0-141-34680-9
082 ## - DEWEY DECIMAL CLASSIFICATION NUMBER
Classification number 813.6
100 ## - MAIN ENTRY--AUTHOR NAME
Personal name Rick Riordan
245 ## - TITLE STATEMENT
Title Percy Jackson and lighting thief
260 ## - PUBLICATION, DISTRIBUTION, ETC. (IMPRINT)
Place of publication New Delhi
Name of publisher Puffin
Year of publication 2013
300 ## - PHYSICAL DESCRIPTION
Number of Pages 374
650 ## - SUBJECT ADDED ENTRY--TOPICAL TERM
Topical Term English Fiction
942 ## - ADDED ENTRY ELEMENTS (KOHA)
Koha item type Books

No items available.

Powered by Koha